Welcome to CU Library Online Public Access Catalogue (OPAC)

The Living Environment/ (Record no. 2024)

MARC details
000 -LEADER
fixed length control field 00503nam a22001697a 4500
005 - DATE AND TIME OF LATEST TRANSACTION
control field 20241209185850.0
008 - FIXED-LENGTH DATA ELEMENTS--GENERAL INFORMATION
fixed length control field 241209b |||||||| |||| 00| 0 eng d
020 ## - INTERNATIONAL STANDARD BOOK NUMBER
International Standard Book Number 9780131255777
050 ## - LIBRARY OF CONGRESS CALL NUMBER
Classification number QH315.5 BAR
100 ## - MAIN ENTRY--PERSONAL NAME
Personal name Bartsch, John
245 ## - TITLE STATEMENT
Title The Living Environment/
Statement of responsibility, etc. John Bartsch & Mary P. Colvard
250 ## - EDITION STATEMENT
Edition statement 2004 edition
260 ## - PUBLICATION, DISTRIBUTION, ETC.
Place of publication, distribution, etc. Needham, Massachusetts
Name of publisher, distributor, etc. Pearson Prentice Hall
Date of publication, distribution, etc. 2004
300 ## - PHYSICAL DESCRIPTION
Extent vi.336p.
Other physical details ill. some color
Dimensions 27.5cm
700 ## - ADDED ENTRY--PERSONAL NAME
Personal name Colvard, Mary P.
942 ## - ADDED ENTRY ELEMENTS (KOHA)
Source of classification or shelving scheme Library of Congress Classification
Koha item type Books
Suppress in OPAC No
999 ## -
-- 2024
-- 2024
Holdings
Withdrawn status Lost status Source of classification or shelving scheme Damaged status Not for loan Collection Home library Current library Shelving location Date acquired Total checkouts Full call number Barcode Date last seen Copy number Price effective from Koha item type
    Library of Congress Classification     Non-fiction Science Library (Miotso) Science Library (Miotso) General stacks 12/09/2024   QH315.5 BAR SLM00001210 12/09/2024 1 12/09/2024 Books
    Library of Congress Classification     Non-fiction Science Library (Miotso) Science Library (Miotso) General stacks 12/12/2024   QH315.5 BAR SLM00001266 12/12/2024 2 12/12/2024 Books
    Library of Congress Classification     Non-fiction Science Library (Miotso) Science Library (Miotso) General stacks 12/12/2024   QH315.5 BAR SLM00001267 12/12/2024 3 12/12/2024 Books
    Library of Congress Classification     Non-fiction Science Library (Miotso) Science Library (Miotso) General stacks 12/12/2024   QH315.5 BAR SLM00001268 12/12/2024 4 12/12/2024 Books
    Library of Congress Classification     Non-fiction Science Library (Miotso) Science Library (Miotso) General stacks 12/12/2024   QH315.5 BAR SLM00001269 12/12/2024 5 12/12/2024 Books
    Library of Congress Classification     Non-fiction Science Library (Miotso) Science Library (Miotso) General stacks 12/12/2024   QH315.5 BAR SLM00001270 12/12/2024 6 12/12/2024 Books
    Library of Congress Classification     Non-fiction Science Library (Miotso) Science Library (Miotso) General stacks 12/12/2024   QH315.5 BAR SLM00001271 12/12/2024 7 12/12/2024 Books
    Library of Congress Classification     Non-fiction Science Library (Miotso) Science Library (Miotso) General stacks 12/12/2024   QH315.5 BAR SLM00001272 12/12/2024 8 12/12/2024 Books
© 2023-2024 Copyright: Central University Libraries. All Rights Reserved | Created by: Mahone Tech Office